|
|
|
|
| LEADER |
01290nam a2200325 a 4500 |
| 001 |
3545081 |
| 003 |
BD-DhAAL |
| 005 |
20231219141918.0 |
| 008 |
110722s1993 maua d 001 0 eng d |
| 010 |
|
|
|a 97041846
|
| 020 |
|
|
|a 0877797099 (indexed : alk. paper)
|
| 020 |
|
|
|a 0877797102 (deluxe indexed : alk. paper)
|
| 020 |
|
|
|a 0877797080 (unindexed : alk. paper)
|
| 020 |
|
|
|a 0877797072 (laminated cover, unindexed : alk. paper)
|
| 040 |
|
|
|a DLC
|c DLC
|d DLC
|c BD-DhAAL
|
| 082 |
0 |
0 |
|a 423
|2 21
|
| 245 |
0 |
0 |
|a Merriam-Webster's collegiate dictionary.
|
| 246 |
3 |
0 |
|a Collegiate dictionary
|
| 250 |
|
|
|a Tenth edition.
|
| 260 |
|
|
|a Springfield, Mass. :
|b Merriam-Webster,
|c c1993.
|
| 300 |
|
|
|a 38a, 1559 pages :
|b illustrations ;
|c 26 cm.
|
| 500 |
|
|
|a Includes index.
|
| 541 |
1 |
|
|e 00005359
|
| 650 |
|
0 |
|a English language
|v Dictionaries.
|
| 710 |
2 |
|
|a Merriam-Webster, Inc.
|9 46378
|
| 852 |
4 |
|
|a Ayesha Abed Library
|c Reference
|
| 942 |
|
|
|2 ddc
|c BK
|
| 999 |
|
|
|c 11161
|d 11161
|
| 952 |
|
|
|0 0
|1 0
|2 ddc
|4 0
|6 423_MER
|7 0
|9 17711
|a BRACUL
|b BRACUL
|c REF
|d 2011-08-02
|g 850.00
|l 0
|o 423 MER
|p 3010005359
|r 2011-08-02
|t 1
|w 2011-08-02
|y BK
|x Available
|
| 952 |
|
|
|0 0
|1 0
|2 ddc
|4 0
|6 423_MER
|7 0
|9 17712
|a BRACUL
|b BRACUL
|c REF
|d 2011-08-02
|g 800.00
|l 1
|o 423 MER
|p 3010005462
|r 2019-10-13
|s 2019-10-13
|t 2
|w 2011-08-02
|y BK
|x Available
|